| 000 | 01170cam a2200313Ia 4500 | ||
|---|---|---|---|
| 001 | 46628 | ||
| 003 | BD-RjUL | ||
| 005 | 20211209054159.0 | ||
| 008 | 171101r19631912enk 000 0 eng d | ||
| 035 | _a(BD-RjUL)46747 | ||
| 040 |
_aANR _cBD-RjUL _dBD-RjUL _beng |
||
| 041 | _aeng | ||
| 082 |
_223 _a323 _bMIO 1965 |
||
| 100 | 1 |
_aMill, John Stuart, _d1806-1873. _9219349 |
|
| 245 | 1 | 0 |
_aOn liberty ; Representative government ; The subjection of women : _bthree essays / _cby John Stuart Mill ; with an introduction by Millicent Garrett Fawcett. |
| 260 |
_aLondon : _bOxford University Press, _c1912 [reprinted 1963] |
||
| 300 |
_axx, 548 p. ; _c16 cm. |
||
| 490 | 1 |
_aThe world's classics ; _v170 |
|
| 500 | _aFirst published in one volume in 1912. | ||
| 650 | 0 |
_aLiberty. _9219350 |
|
| 650 | 0 |
_aRepresentative government and representation. _9219351 |
|
| 650 | 0 |
_aWomen's rights. _9219352 |
|
| 700 |
_aFawcett, Millicent Garrett, Introducer _9219353 |
||
| 740 | 0 | 1 | _aRepresentative government. |
| 740 | 0 | 1 | _aSubjection of women. |
| 830 | 0 |
_aWorld's classics ; _v170. _9219355 |
|
| 942 |
_2ddc _cBK |
||
| 949 | 0 |
_3g _ax _bLSA _cOCC _o0 _p39080035186730 _x15 _hJC585.M6 1969 |
|
| 999 |
_c46628 _d46628 |
||